LEADER 00948nam a2200217 4500 001 000000358115 003 CaOOAMICUS 005 20240422150219.0 008 240422s1930 it 2 000 u ita r 040 $aSeMil$bita 100 1 $aLa Cava, F.$0(OLS)http://semarc/name/119595 245 10$aEra Gesł Cristo affetto da pleurite? Il meccanismo della morte per crocifissione /$cprof. F. La Cava. 264 1$aNapoli :$bLa Nuovissima,$c1930. 300 $a18 p. ;$c24 cm 500 $aEstratto da: Rinascenza medica, n. 11-12/1930 650 4$aGesł Cristo - Crocifissione.$0(OLS)http://semarc/subject/6027 850 $aSeMil 852 $aSeMil$W1$xVenegono$y1$m5B VI 7/5$j247740$B249231$CSeMilBibl$Z2$F249231 $81 996 $6245$aEra Gesł Cristo affetto da pleurite? Il meccanismo della morte per crocifissione$9(OLS)http://semarc/title/448395 996 $6264$aNapoli :$bLa Nuovissima$9(OLS)http://semarc/publisher/61699 LEADER 00880nam a2200217 i 4500 001 000000071388 003 CaOOAMICUS 005 20020828000000.0 008 020828s1963 it u000 u ita u 013 $a42560 040 $aSeMil$bita 245 14$a[Le assemblee elettive del '48 /$ca cura di Giuseppe Sardo]. 300 $aXXXII, 488 p. :$btabelle. 500 $aTitolo e responsabilitą ripresi dall'interno del volume. 650 4$aItalia - Parlamenti - Storia.$0(OLS)http://semarc/subject/13447 700 1 $aSardo, Giuseppe.$0(OLS)http://semarc/name/35480 773 0 $tStoria del Parlamento Italiano.$dPalermo : Flaccovio, 1963-1984.$gVol.1$w()2416 850 $aSeMil 852 $aSeMil$W1$xVenegono$y1$m3U VI 159$j37541$B37541$CSeMilBibl$Z2$F37544 $8I 961 $aAcquisto: Distributore 996 $6245$a[Le assemblee elettive del '48$9(OLS)http://semarc/title/114796